000 00497nam a2200181Ia 4500
005 20250326124133.0
008 250326s9999 xx 000 0 und d
037 _aTextbook
040 _aFMSL
_beng
_cFMSL
041 _aeng
_2eng
084 _aX:51.1 K7;1
_qFMSL
100 _aMazze E M
_9736851
245 0 _aInternational marketing administration
_cMazze E M
260 _aUSA
_bUSA, Chandler
_c1967
300 _a147p
942 _cTB
_hX:51.1 K7;1
999 _c1272439
_d1272439